Casanova /

Guardado en:
Autor Principal: Zweig, Stefan.
Formato: Libro
Idioma:Spanish
Publicado: Buenos Aires : Biblioteca "Las grandes obras", s.f.
Series:Biblioteca "Las grandes obras", 41
Materias:
Etiquetas: Agregar Etiqueta
Sin Etiquetas, Sea el primero en etiquetar este registro!
LEADER 00545nam a22001695a 4500
001 EUN.um001237
003 AR-BaUNS
005 20050623122849.0
008 041125ss.f.####ag############000#0#spa#d
245 1 0 |a Casanova /  |c Stefan Zweig. Traducción de Jacinto Z. Palacios. 
260 |a Buenos Aires :  |b Biblioteca "Las grandes obras",  |c s.f. 
300 |a 127 p. 
490 0 |a Biblioteca "Las grandes obras", 41 
100 1 |a Zweig, Stefan. 
082 0 4 |a 928 
653 |a Casanova de seingalt,juan j. 
859 |a Ar-BaUNS  |b BIB. CENTRAL - Sector C  |h 928  |i C263z  |p 99295/991